| 000 | 01144nam a22003137a 4500 | ||
|---|---|---|---|
| 001 | 4976 | ||
| 003 | FISKH | ||
| 005 | 20260311082345.0 | ||
| 008 | 241030b cb ||||| |||| 00| 0 eng d | ||
| 020 | _a9780531205013 | ||
| 040 |
_aFISKH _beng _cFISKH _dFISKH |
||
| 050 | _aDH671.O45 | ||
| 082 | _a967.51 | ||
| 100 | _aOlson, Tod | ||
| 245 |
_aLeopold II : _bButcher of the Congo / _cby Tod Olson |
||
| 260 |
_aNew York : _bScholastic ; _c2008 . |
||
| 300 |
_a128 pages : _bcolor illustrations , maps ; _c19 cm. |
||
| 490 | _aA Wicked History | ||
| 505 | _aR | ||
| 520 | _aTells the story of Leopold II, King of the Belgians, who claimed he was helping the people in a colony of Africa along the Congo River, but was really found to be promoting slavery and other ills. | ||
| 521 | 8 |
_a750
_bLexile |
|
| 521 | 8 |
_aR
_bRaz-Plus |
|
| 650 |
_aLeopold II , King of the Belgians , 1935-1909 _vNon-fiction |
||
| 650 |
_aCongo( Democratic Republic) -History-To 1908 _vNon-fiction |
||
| 650 |
_aBelgium-King and rulers-Biography _vNon-fiction |
||
| 700 |
_aO'Neill, Marie _eArt Director |
||
| 942 |
_2ddc _cBK _n0 |
||
| 999 |
_c4976 _d4976 |
||